[Event "Druzynowe Mistrzostwa Polski II Liga"]
[Site "Szklarska Poreba"]
[Date "1899-12-30"]
[Round "5.54"]
[White "Parol, Pola"]
[Black "Moscicka, Pola"]
[Result "1/2-1/2"]
[WhiteTitle "k+"]
[BlackTitle "k+"]
[WhiteElo "1968"]
[BlackElo "1894"]

1. e4 c5 2. Nf3 e6 3. d4 cxd4 4. Nxd4 Nf6 5. Nc3 Nc6 6. Nxc6 bxc6 7. e5 Nd5 8.
Ne4 Qa5+ 9. c3 Ba6 10. Bd3 f5 11. exf6 Nxf6 12. Nxf6+ gxf6 13. O-O Bxd3 14. Qxd3
Qd5 15. Qh3 O-O-O 16. Be3 c5 17. Rfd1 Qc6 18. b4 Rg8 19. Rab1 Bd6 20. bxc5 Bc7
21. g3 f5 22. Qg2 Qxg2+ 23. Kxg2 f4 24. Bd2 Rdf8 25. Rb4 h5 26. Kh1 fxg3 27. fxg3
Rf2 28. Rh4 Rf5 29. Be3 e5 30. c6 dxc6 31. Bxa7 Re8 32. Re4 Kb7 33. Bc5 Ra8 34.
a4 Ra5 35. Rb1+ Kc8 36. Rc4 e4 37. Bd4 Kd7 38. Re1 h4 39. Kg2 hxg3 40. hxg3 Rf3
41. Re3 Rg5 42. Rxf3 exf3+ 43. Kxf3 Rxg3+ 44. Ke4 Rh3 45. Rc5 Rh1 46. Kd3 Ra1
47. Rc4 Ra2 48. Rb4 Kd6 49. Be3 Ba5 50. Rh4 Ra3 51. Bd2 Ra2 52. Bh6 Kd7 53. Bf8
Kc7 54. Bc5 Rg2 55. Rh7+ Kc8 56. Bb4 Bxb4 57. cxb4 Ra2 58. Ra7 Kb8 59. Ra5 Kb7
60. Kc4 Ra3 61. Kc5 Rc3+ 62. Kd4 Rb3 63. Kc4 Ra3 64. b5 cxb5+ 65. Rxb5+ Ka6 66.
Kb4 Rh3 67. Rd5 Rh4+ 68. Kc5 Rxa4 1/2-1/2

[Event "Druzynowe Mistrzostwa Polski II Liga"]
[Site "Szklarska Poreba"]
[Date "1899-12-30"]
[Round "5.55"]
[White "Cichocki, Adam"]
[Black "Dzierzak, Radoslaw"]
[Result "1-0"]
[WhiteTitle "FM"]
[BlackTitle "I++"]
[WhiteElo "2292"]
[BlackElo "2251"]

1. d4 Nf6 2. c4 e6 3. Nf3 Bb4+ 4. Nbd2 d6 5. a3 Bxd2+ 6. Bxd2 Nbd7 7. Qc2 O-O 8.
Bc3 Qe7 9. e3 b6 10. Be2 Bb7 11. O-O Ne4 12. b4 f5 13. Bb2 Ng5 14. Qd1 a5 15.
Nxg5 Qxg5 16. Bf3 Be4 17. Qe2 Rf6 18. g3 Rh6 19. Bxe4 fxe4 20. f4 Qf5 21. Bc3
a4 22. Rf2 Nf6 23. Rg2 Rg6 24. b5 h5 25. Rd1 h4 26. gxh4 Rxg2+ 27. Kxg2 Kf7 28.
d5 Qg4+ 29. Qxg4 Nxg4 30. dxe6+ Kxe6 31. Bd2 Nh6 32. Be1 Nf5 33. Bf2 Rd8 34. Rd5
Rc8 35. Kh3 c6 36. bxc6 Rxc6 37. Rb5 Rxc4 38. Rxb6 Nxe3 39. Bxe3 Rc3 40. Kg4 Rxe3
41. Rb4 Kd5 42. Rxa4 Re1 43. h5 Rf1 44. Kf5 e3 45. Re4 Rf3 46. h4 Rg3 47. a4 Kc5
48. a5 d5 49. Re5 Kc4 50. a6 Rg1 51. Rxe3 Ra1 52. Re7 Rxa6 53. Rxg7 d4 54. Rc7+
Kd3 55. Kg5 Ke4 56. Re7+ Kf3 57. h6 Rd6 58. h7 Rd8 59. Rd7 Rxd7 60. h8=Q d3 61.
Qh5+ Kf2 62. Qd1 d2 63. f5 Ke3 64. f6 Rc7 65. h5 Rc1 66. Qb3+ Ke2 67. f7 Rg1+
68. Kh6 Rf1 69. Qc4+ Ke1 70. Qxf1+ 1-0

[Event "Druzynowe Mistrzostwa Polski II Liga"]
[Site "Szklarska Poreba"]
[Date "1899-12-30"]
[Round "5.56"]
[White "Walter, Szymon"]
[Black "Helis, Tadeusz"]
[Result "1-0"]
[WhiteTitle "k"]
[BlackTitle "FM"]
[WhiteElo "2263"]
[BlackElo "2233"]

1. e4 c5 2. Nc3 Nc6 3. f4 g6 4. Nf3 Bg7 5. Bb5 Nd4 6. O-O a6 7. Bc4 e6 8. d3 Ne7
9. Nxd4 Bxd4+ 10. Kh1 d5 11. Bb3 O-O 12. f5 exf5 13. Bg5 Bxc3 14. bxc3 dxe4 15.
Qe1 Be6 16. Qh4 Re8 17. Qh6 1-0

[Event "Druzynowe Mistrzostwa Polski II Liga"]
[Site "Szklarska Poreba"]
[Date "1899-12-30"]
[Round "5.57"]
[White "Walkusz, Witoslaw"]
[Black "Faron, Rafal"]
[Result "0-1"]
[WhiteTitle "FM"]
[BlackTitle "k"]
[WhiteElo "2138"]
[BlackElo "2115"]

1. e4 d6 2. d4 Nf6 3. Nc3 e5 4. dxe5 dxe5 5. Qxd8+ Kxd8 6. Bc4 Ke8 7. Nf3 Bd6 8.
O-O h6 9. a3 a6 10. Re1 Nbd7 11. Be3 b5 12. Bd5 Nxd5 13. Nxd5 Bb7 14. c4 bxc4
15. Rac1 f5 16. Rxc4 Kd8 17. Rd1 fxe4 18. Nh4 Rf8 19. g3 Rb8 20. Nc3 g5 21. Ng2
Ke7 22. h4 Rg8 23. Nxe4 Bxe4 24. Rxe4 Rxb2 25. hxg5 hxg5 26. Ra4 Ra2 27. Rxa6
Nc5 28. Ra7 Ne4 29. a4 Nc3 30. Re1 Kd7 31. a5 Ne2+ 32. Kf1 Rh8 33. Nh4 gxh4 34.
gxh4 Nf4 35. Bxf4 exf4 36. Kg2 Rxh4 37. Ra8 Ra3 38. Rg8 f3+ 39. Kg1 Rxa5 40. Rg7+
Kc6 0-1

[Event "Druzynowe Mistrzostwa Polski II Liga"]
[Site "Szklarska Poreba"]
[Date "1899-12-30"]
[Round "5.58"]
[White "Kastelik, Adrian"]
[Black "Rawski, Slawomir"]
[Result "1/2-1/2"]
[WhiteTitle "I++"]
[BlackTitle "FM"]
[WhiteElo "2168"]
[BlackElo "2164"]

1. e4 c5 2. c3 Nf6 3. e5 Nd5 4. d4 cxd4 5. Nf3 Nc6 6. cxd4 d6 7. Bc4 dxe5 8. Nxe5
e6 9. O-O Bd6 10. Nxc6 bxc6 11. Nd2 Qc7 12. h3 Qb6 13. Ne4 Be7 14. Qc2 O-O 15.
Rd1 Rb8 16. b3 Rd8 17. Bb2 Ba6 18. Rac1 Nb4 19. Qb1 Bxc4 20. Rxc4 Nd5 21. Qc1
Rbc8 22. Ba3 Qa6 23. Ra4 Bxa3 24. Rxa6 Bxc1 25. Rxc1 Nb4 26. Rxa7 Rxd4 27. Ng5
Rd2 28. a3 h6 29. axb4 hxg5 30. b5 Rd6 31. Ra6 Rd3 32. b4 Rd4 33. Raxc6 Rb8 34.
R6c4 Rxc4 35. Rxc4 Rxb5 36. Kf1 Re5 37. Rc8+ Kh7 38. Rc2 Kg6 39. Rb2 Rb5 40. Ke2
e5 41. Kd3 f5 42. Kc4 Rb8 43. Kd5 e4 44. b5 Rd8+ 45. Ke6 f4 46. b6 e3 47. fxe3
fxe3 48. b7 Rb8 49. Ke5 e2 50. Rxe2 Rxb7 51. Ke4 Rf7 52. Ke3 Kh5 53. Rf2 Re7+
54. Kf3 Kh4 55. Rf1 g4+ 56. hxg4 Rf7+ 57. Ke2 Rxf1 58. Kxf1 Kxg4 59. Kf2 Kf4 60.
g3+ Kg4 61. Kg2 g6 62. Kf2 Kh3 63. Kf3 g5 64. g4 Kh4 65. Kf2 Kxg4 66. Kg2 Kf4
67. Kf2 g4 68. Kg2 g3 69. Kg1 Ke5 1/2-1/2

[Event "Druzynowe Mistrzostwa Polski II Liga"]
[Site "Szklarska Poreba"]
[Date "1899-12-30"]
[Round "5.59"]
[White "Smarsz, Agata"]
[Black "Wielek, Thomas"]
[Result "1-0"]
[WhiteTitle "m"]
[BlackTitle "I"]
[WhiteElo "2102"]
[BlackElo "1803"]

1. e4 c5 2. Nf3 g6 3. c3 Bg7 4. d4 cxd4 5. cxd4 d5 6. e5 Nc6 7. h3 f6 8. exf6 exf6
9. Bd3 Nge7 10. O-O Be6 11. Nc3 O-O 12. Ne2 g5 13. Re1 Qd7 14. Ng3 Rae8 15. Bxg5
fxg5 16. Bxh7+ Kh8 17. Nxg5 Ng8 18. Bxg8 Kxg8 19. Qh5 Rf4 20. Qh7+ Kf8 21. Nh5
Rf6 22. Nxf6 Bxf6 23. Nxe6+ 1-0

[Event "Druzynowe Mistrzostwa Polski II Liga"]
[Site "Szklarska Poreba"]
[Date "1899-12-30"]
[Round "5.60"]
[White "Binkowska, Agata"]
[Black "Mikulewicz, Joanna"]
[Result "1/2-1/2"]
[WhiteTitle "I++"]
[BlackTitle "WFM"]
[WhiteElo "1822"]
[BlackElo "2057"]

1. e4 c5 2. Nf3 a6 3. c4 e6 4. Nc3 Nc6 5. g3 d6 6. Bg2 g6 7. O-O Bg7 8. d3 Nf6
9. h3 O-O 10. Bg5 h6 11. Be3 Rb8 12. Qd2 Kh7 13. Nh2 b5 14. f4 Nd4 15. g4 Nd7
16. f5 Ne5 17. cxb5 axb5 18. f6 Bxf6 19. Bxh6 Bg7 20. Be3 b4 21. Nd1 Ba6 22. Nf2
Rh8 23. g5 Kg8 24. Bxd4 cxd4 25. Nfg4 Nxd3 26. Nf6+ Kf8 27. Nhg4 Ne5 28. Rf2 Nxg4
29. hxg4 e5 30. Bf1 Bxf6 31. Rxf6 d3 32. Bxd3 Qb6+ 33. Rf2 Rh4 34. Bxa6 Rxg4+
35. Kh2 Qxa6 36. Raf1 Rf4 37. Rxf4 exf4 38. Qxf4 Rb7 39. Rf2 Qxa2 40. Qxd6+ Kg8
41. Qd8+ Kg7 42. Qf6+ Kg8 43. Rd2 Rb8 44. Kg3 Qe6 45. Qxe6 fxe6 46. Kf4 Rb5 47.
Rd7 Kf8 48. Rc7 b3 1/2-1/2

[Event "Druzynowe Mistrzostwa Polski II Liga"]
[Site "Szklarska Poreba"]
[Date "1899-12-30"]
[Round "5.61"]
[White "Buraczewski, Rafal"]
[Black "Stachanczyk, Jacek"]
[Result "1-0"]
[WhiteTitle "k"]
[BlackTitle "IM"]
[WhiteElo "2220"]
[BlackElo "2218"]

1. d4 g6 2. Nf3 Bg7 3. c4 c5 4. d5 d6 5. Nc3 Bxc3+ 6. bxc3 f5 7. Qc2 Nf6 8. h4
Qa5 9. Bg5 Nbd7 10. e3 Ne4 11. Rc1 h6 12. Bf4 Ndf6 13. Ng1 Nd7 14. f3 Nef6 15.
g4 Nf8 16. gxf5 Bxf5 17. e4 Bd7 18. Rb1 O-O-O 19. Qb3 b6 20. Bh3 e5 21. dxe6 Bxe6
22. Rd1 Kc7 23. e5 Re8 24. Kf2 N6d7 25. Rxd6 Qa6 26. Ne2 Rh7 27. Bxe6 Nxe6 28.
Bg3 Rf7 29. Rhd1 g5 30. hxg5 hxg5 31. R1d3 Ree7 32. Qb5 Qxb5 33. cxb5 Rf5 34.
Rc6+ Kb7 35. Rxd7+ Rxd7 36. Rxe6 Rd3 37. f4 gxf4 38. Bxf4 Kc8 39. Rd6 Rxd6 40.
exd6 c4 41. a4 a6 42. Ke3 axb5 43. Nd4 Rh5 44. axb5 Kd7 45. Ke4 Ke8 46. Be5 Kd7
1-0

[Event "Druzynowe Mistrzostwa Polski II Liga"]
[Site "Szklarska Poreba"]
[Date "1899-12-30"]
[Round "5.62"]
[White "Gumula, Daniel"]
[Black "Mickiewicz, Piotr"]
[Result "0-1"]
[WhiteTitle "FM"]
[BlackTitle "m"]
[WhiteElo "2260"]
[BlackElo "2295"]

1. d4 c5 2. d5 g6 3. e4 Bg7 4. Nc3 d6 5. f4 Nf6 6. Bb5+ Nfd7 7. a4 O-O 8. Nf3 Na6
9. O-O Nc7 10. Re1 a6 11. Bf1 Rb8 12. e5 b5 13. axb5 axb5 14. Ne4 Nb6 15. Ra7
Nbxd5 16. c4 bxc4 17. Bxc4 Rb7 18. Ra1 Nb6 19. Ba2 Nb5 20. e6 c4 21. exf7+ Rxf7
22. Neg5 Rf8 23. Bxc4+ Nxc4 24. Qd5+ Kh8 25. Qxc4 d5 26. Qe2 Nd4 27. Nxd4 Bxd4+
28. Be3 Bf6 29. Bc5 Rxb2 30. Qe3 d4 31. Qa3 d3 32. Bxe7 Qd4+ 33. Kh1 Bb7 34. Bxf6+
Qxf6 35. Qe7 Qxe7 36. Rxe7 d2 37. Kg1 Rc8 0-1

[Event "Druzynowe Mistrzostwa Polski II Liga"]
[Site "Szklarska Poreba"]
[Date "1899-12-30"]
[Round "5.63"]
[White "Pazderski, Ziemowit"]
[Black "Kolosowski, Pawel"]
[Result "0-1"]
[WhiteTitle "k+"]
[BlackTitle "m"]
[WhiteElo "2266"]
[BlackElo "2224"]

1. c4 e5 2. Nc3 Nf6 3. g3 d5 4. cxd5 Nxd5 5. Bg2 Nb6 6. Nf3 Nc6 7. O-O Be6 8. d3
f6 9. a3 a5 10. Be3 Be7 11. Rc1 O-O 12. Ne4 a4 13. Nc5 Bxc5 14. Bxc5 Rf7 15. Nd2
Nd5 16. Ne4 Qd7 17. Be3 b6 18. Nc3 Nd4 19. Bd2 c5 20. Rb1 b5 21. f4 exf4 22. gxf4
Re7 23. e4 Nxc3 24. bxc3 Bg4 25. Qe1 Ne2+ 26. Kh1 Qxd3 27. Rb2 Rd8 28. Qf2 Qc4
29. Be3 Nxc3 30. Bxc5 Nxe4 31. Bxe4 Rxe4 32. Rc2 Qd5 33. Kg1 Bh3 34. Re1 Qe6 35.
Rcc1 Qg4+ 36. Kh1 Rxf4 37. Qa2+ Kh8 38. Rc3 Rc4 39. Rg3 Qc8 40. Be7 Re8 41. Qe2
Rc1 42. Re3 Rxe1+ 43. Qxe1 Qc6+ 44. Kg1 Qg2# 0-1

[Event "Druzynowe Mistrzostwa Polski II Liga"]
[Site "Szklarska Poreba"]
[Date "1899-12-30"]
[Round "5.64"]
[White "Garbowski, Jakub"]
[Black "Maciaga, Marcin"]
[Result "1/2-1/2"]
[WhiteTitle "k"]
[BlackTitle "k+"]
[WhiteElo "2156"]
[BlackElo "2090"]

1. Nf3 c5 2. g3 Nf6 3. Bg2 g6 4. O-O Bg7 5. c4 Nc6 6. Nc3 O-O 7. d4 cxd4 8. Nxd4
Qa5 9. Nb3 Qh5 10. c5 a5 11. a4 d6 12. e4 Bg4 13. f3 Be6 14. cxd6 Rfd8 15. Nb5
Nxe4 16. g4 Qd5 17. Qxd5 Bxd5 18. fxe4 Bxb3 19. Bg5 Rd7 20. dxe7 Nxe7 21. Bf6
Nc6 22. Nc3 Rd2 23. Nd5 Nd4 24. Rf2 Rxf2 25. Kxf2 Ra6 26. Bxg7 Kxg7 27. Rc1 Nc6
28. Bf1 Ra8 29. Bb5 Ne5 30. Kg3 Rd8 31. Rc5 Rd6 32. Kf4 Nc6 33. Ke3 Nd8 34. Nc7
Rd1 35. Be2 Re1 36. Ne8+ Kf8 37. Nf6 Nc6 38. Kd2 Rh1 39. Nxh7+ Kg7 40. Ng5 Rxh2
41. Nf3 Rg2 42. Ne1 Rg3 43. Rb5 Nd4 44. Rxb7 Be6 45. Nd3 Kf6 46. b4 Nxe2 47. Kxe2
Bc4 48. Rd7 axb4 49. Rd4 Bxd3+ 50. Rxd3 Rxg4 51. Kf3 Rh4 52. Rd6+ Ke5 53. Rd5+
Ke6 54. Rb5 Rh3+ 55. Kf4 Rb3 56. a5 Ra3 57. Rb6+ Ke7 58. a6 b3 59. Rb7+ Kf6 60.
a7 b2 61. Rxb2 Rxa7 62. Rb6+ Kg7 63. Rc6 Re7 64. Ra6 Re6 65. Ra7 Kf6 66. Rb7 g5+
67. Kf3 Kg6 68. Rb8 Rf6+ 69. Kg3 Rf4 70. Rg8+ Kf6 71. Re8 Kg7 72. e5 Kg6 73. Rg8+
Kh6 74. Rh8+ Kg7 75. Re8 Ra4 76. Rb8 Ra5 77. Re8 Kg6 78. Re7 Ra3+ 79. Kg4 Ra4+
80. Kg3 Rh4 81. Ra7 Rf4 82. Re7 Ra4 83. Rb7 Ra5 84. Re7 Ra6 85. Rb7 Re6 86. Rb5
Kf5 87. Rb7 Kg6 88. Rb5 Ra6 89. Rb7 Rc6 90. Kg4 Rc4+ 91. Kg3 Re4 92. Re7 Re1 93.
Kf2 Rb1 94. Kg3 Rb4 95. Ra7 f5 96. exf6 Kxf6 97. Ra1 Kf5 98. Ra5+ Kg6 99. Ra1
Rh4 100. Ra8 Rb4 1/2-1/2

[Event "Druzynowe Mistrzostwa Polski II Liga"]
[Site "Szklarska Poreba"]
[Date "1899-12-30"]
[Round "5.65"]
[White "Krasiewicz, Robert"]
[Black "Korcz, Daniel"]
[Result "1-0"]
[WhiteTitle "k+"]
[BlackTitle "I+"]
[WhiteElo "2005"]
[BlackElo "1790"]

1. c4 c5 2. g3 g6 3. Bg2 Bg7 4. Nc3 Nc6 5. e4 e6 6. d3 Nge7 7. Be3 d6 8. Qd2 Nd4
9. Nge2 Nec6 10. O-O O-O 11. Rab1 Rb8 12. Kh1 a6 13. a4 Nb3 14. Qd1 Nbd4 15. f4
Nxe2 16. Nxe2 b5 17. e5 Nb4 18. axb5 axb5 19. Nc3 bxc4 20. dxc4 dxe5 21. Bxc5
Qxd1 22. Rfxd1 Re8 23. Bd6 Rb6 24. c5 Ra6 25. fxe5 Bd7 26. Ne4 Bc6 27. Rd4 Nc2
28. Rd3 Rea8 29. Nf6+ Bxf6 30. Bxc6 Rxc6 31. exf6 Nb4 32. Ra3 Re8 33. Ra4 Nd5
34. Rba1 Nxf6 35. b4 Nd7 36. b5 Rxc5 37. Bxc5 Nxc5 38. Ra8 Kf8 39. b6 e5 40. R1a5
Rxa8 41. Rxa8+ Ke7 42. b7 Nxb7 43. Ra7 h5 44. Kg2 f5 45. h4 Kf6 46. Rxb7 f4 47.
gxf4 exf4 1-0

[Event "Druzynowe Mistrzostwa Polski II Liga"]
[Site "Szklarska Poreba"]
[Date "1899-12-30"]
[Round "5.66"]
[White "Guzik, Jolanta"]
[Black "Andrejczuk, Beata"]
[Result "0-1"]
[WhiteTitle "WFM"]
[BlackTitle "WFM"]
[WhiteElo "2041"]
[BlackElo "2088"]

1. c4 e5 2. Nc3 Nc6 3. g3 f5 4. Bg2 Nf6 5. e3 Bb4 6. Nge2 e4 7. d3 Ne5 8. dxe4
fxe4 9. O-O Nf3+ 10. Kh1 Qe7 11. Nxe4 Qxe4 12. Nd4 O-O 13. Bxf3 Qg6 14. Qc2 Qf7
15. a3 Bc5 16. Nb5 c6 17. Nd4 d6 18. Bg2 Ng4 19. Kg1 Qh5 20. h3 Ne5 21. f4 Bxh3
22. fxe5 Rxf1+ 23. Kxf1 dxe5 24. b4 Be7 25. Nb3 Rf8+ 26. Ke1 Qg4 27. Bxh3 Qxg3+
28. Kd2 Rf2+ 29. Kd3 e4+ 30. Kc3 Bf6+ 0-1

[Event "Druzynowe Mistrzostwa Polski II Liga"]
[Site "Szklarska Poreba"]
[Date "1899-12-30"]
[Round "5.67"]
[White "Niekras, Dawid"]
[Black "Kaminski, Piotr"]
[Result "1-0"]
[WhiteTitle "FM"]
[BlackTitle "k"]
[WhiteElo "2313"]
[BlackElo "2129"]

1. e4 d6 2. d4 g6 3. Nc3 Bg7 4. f4 e6 5. Nf3 a6 6. Bd3 Ne7 7. Be3 b5 8. e5 Bb7
9. a4 b4 10. Ne4 Nd5 11. Bd2 Qe7 12. c4 bxc3 13. bxc3 Nd7 14. Rb1 Rb8 15. c4 N5b6
16. a5 Nc8 17. Be3 O-O 18. O-O Bxe4 19. Bxe4 Rxb1 20. Qxb1 c5 21. dxc5 Nxc5 22.
Bxc5 dxc5 23. Qb7 Qxb7 24. Bxb7 Ne7 25. Ra1 f6 26. Bxa6 fxe5 27. fxe5 Nc6 28.
Bb7 Nxe5 29. Ra4 Nxf3+ 30. gxf3 1-0

[Event "Druzynowe Mistrzostwa Polski II Liga"]
[Site "Szklarska Poreba"]
[Date "1899-12-30"]
[Round "5.68"]
[White "Szmyd, Arkadiusz"]
[Black "Zakrzewski, Marek"]
[Result "1/2-1/2"]
[WhiteTitle "k"]
[BlackTitle "k"]
[WhiteElo "2136"]
[BlackElo "2249"]

1. e4 c5 2. Nf3 e6 3. d4 cxd4 4. Nxd4 Nc6 5. Nc3 Qc7 6. Be3 a6 7. Bd3 Nf6 8. O-O
b5 9. Nxc6 Qxc6 10. Kh1 b4 11. e5 bxc3 12. exf6 cxb2 13. Rb1 gxf6 14. Rxb2 Rg8
15. f3 f5 16. Qe2 Be7 17. Rfb1 a5 18. Bb5 Qd6 19. Qc4 Qe5 20. Bf4 Qc5 21. Bxd7+
Kd8 22. Qd3 Qd5 23. Qxd5 exd5 24. Bc6 Ra6 25. Bxd5 Bd6 26. Bxd6 Rxd6 27. c4 Ke7
28. Rb8 Rgd8 29. Ra8 Be6 30. Rxa5 Bxd5 31. cxd5 Rxd5 32. Rxd5 Rxd5 33. a4 Ra5
34. Rb4 Rc5 35. Rb1 Ra5 36. Ra1 f4 37. Kg1 Kd6 38. Kf2 Kc5 39. h3 h5 40. Ke2 Kc4
41. Rc1+ Kd5 42. Rb1 Rxa4 43. Rb5+ Ke6 44. Rxh5 Kf6 45. Rd5 Ra2+ 46. Rd2 Ra3 47.
Kf2 Kg5 48. Kg1 Ra1+ 49. Kh2 Rb1 50. Rd8 f5 51. Rd4 Ra1 52. h4+ Kxh4 53. Rxf4+
Kg5 54. g3 Ra2+ 55. Kg1 Ra1+ 56. Kh2 Ra2+ 1/2-1/2

[Event "Druzynowe Mistrzostwa Polski II Liga"]
[Site "Szklarska Poreba"]
[Date "1899-12-30"]
[Round "5.69"]
[White "Bajerlein, Dawid"]
[Black "Knopik, Krzysztof"]
[Result "1-0"]
[WhiteTitle "k"]
[BlackTitle "k"]
[WhiteElo "2044"]
[BlackElo "2098"]

1. d4 c5 2. d5 Nf6 3. Nc3 g6 4. e4 d6 5. Nf3 Bg7 6. Be2 O-O 7. O-O Bg4 8. Nd2 Bxe2
9. Qxe2 Nbd7 10. Nc4 Ne8 11. f4 Nc7 12. a4 a6 13. a5 Nb5 14. Na4 Qc7 15. c3 e6
16. Nab6 Rae8 17. Qf3 Nf6 18. Bd2 exd5 19. exd5 Ne4 20. f5 Nxd2 21. Nxd2 gxf5
22. Ndc4 Re4 23. Qxf5 Rfe8 24. Rad1 Qe7 25. Rd3 Re1 26. Rdf3 Rxf1+ 27. Rxf1 Rf8
28. g4 h6 29. Kg2 Re8 30. h4 Rf8 31. Kh3 Re8 32. g5 hxg5 33. hxg5 Rd8 34. Rf4
Re8 35. Nd7 Rd8 36. Ndb6 Re8 37. Nd7 Rd8 38. Nf6+ Bxf6 39. gxf6 Qd7 40. Rg4+ 1-0

[Event "Druzynowe Mistrzostwa Polski II Liga"]
[Site "Szklarska Poreba"]
[Date "1899-12-30"]
[Round "5.70"]
[White "Zawierucha, Aleksander"]
[Black "Bernat, Marcin"]
[Result "0-1"]
[WhiteTitle "k"]
[BlackTitle "k"]
[WhiteElo "1907"]
[BlackElo "2111"]

1. d4 Nf6 2. c4 c5 3. d5 e6 4. Nc3 exd5 5. cxd5 d6 6. e4 g6 7. f4 Bg7 8. Bb5+ Nfd7
9. Be2 O-O 10. Nf3 Na6 11. O-O Re8 12. Bd3 Nc7 13. Bd2 b5 14. Nxb5 Nxb5 15. Bxb5
Rxe4 16. Qc2 Nf6 17. Rae1 Bf5 18. Bd3 Rxe1 19. Bxe1 Bxd3 20. Qxd3 Qb6 21. Bc3
c4+ 22. Qd4 Nxd5 23. Qxb6 axb6 24. Bxg7 Kxg7 25. Rd1 Nxf4 26. Rxd6 Rxa2 27. Rxb6
Nd3 28. Kf1 Nxb2 29. Rc6 Nd1 0-1

[Event "Druzynowe Mistrzostwa Polski II Liga"]
[Site "Szklarska Poreba"]
[Date "1899-12-30"]
[Round "5.71"]
[White "Hemmerling, Jaroslaw"]
[Black "Boruta, Dawid"]
[Result "1/2-1/2"]
[WhiteTitle "I++"]
[BlackTitle "I"]
[WhiteElo "1920"]
[BlackElo "1893"]

1. Nf3 Nf6 2. g3 g6 3. Bg2 Bg7 4. O-O O-O 5. c4 d6 6. Nc3 Nc6 7. d3 Ng4 8. Bd2
Nge5 9. Rb1 Nxf3+ 10. Bxf3 Bh3 11. Re1 Rb8 12. Nd5 Nd4 13. Bh1 e5 14. Bc3 c6 15.
Bxd4 exd4 16. Nf4 Bg4 17. Qd2 Qd7 18. b4 g5 19. Ng2 h6 20. e3 Bf3 21. exd4 Bxd4
22. Ne3 Bxh1 23. Kxh1 Rbe8 24. Nc2 Qg4 25. Kg2 Bb6 26. Qd1 Rxe1 27. Qxe1 Qe6 28.
Qd2 Re8 29. Re1 Qd7 30. a4 a6 31. Qd1 Re6 32. Qf3 Kg7 33. Rxe6 Qxe6 34. Ne3 Bxe3
35. Qxe3 d5 36. Qd4+ Qf6 37. Qe3 Qe6 38. Qd4+ Qf6 39. Qe3 1/2-1/2

[Event "Druzynowe Mistrzostwa Polski II Liga"]
[Site "Szklarska Poreba"]
[Date "1899-12-30"]
[Round "5.72"]
[White "Gonsior, Monika"]
[Black "Debowiak, Arleta"]
[Result "1-0"]
[WhiteTitle "m"]
[BlackTitle "k"]
[WhiteElo "1974"]
[BlackElo "1838"]

1. e4 d6 2. d4 Nf6 3. Bd3 g6 4. Ne2 Bg7 5. O-O O-O 6. h3 e5 7. c3 c6 8. Be3 Qe7
9. Nd2 Nbd7 10. Ng3 d5 11. f4 dxe4 12. Ngxe4 Nd5 13. Qe1 Nxe3 14. Qxe3 exd4 15.
Qf2 dxc3 16. bxc3 Nb6 17. Rae1 Qd8 18. Bc2 Nd5 19. Qg3 Nxc3 20. Bb3 Bf5 21. Kh1
Nxe4 22. Nxe4 Qc7 23. Ng5 h6 24. Nf3 Bf6 25. Nh4 Bxh4 26. Qxh4 Kg7 27. Re7 Qd8
28. Rd1 Qa5 29. g4 Bc8 30. f5 Bxf5 31. gxf5 Qxf5 32. Qd4+ Qf6 33. Qe3 c5 34. Rdd7
Qh4 35. Rxf7+ Rxf7 36. Rxf7+ Kh8 37. Qe5+ 1-0

[Event "Druzynowe Mistrzostwa Polski II Liga"]
[Site "Szklarska Poreba"]
[Date "1899-12-30"]
[Round "5.73"]
[White "Ustianovich, Nazar"]
[Black "Daniluk, Jerzy"]
[Result "1-0"]
[WhiteTitle "FM"]
[BlackTitle "k"]
[WhiteElo "2382"]
[BlackElo "2088"]

1. Nf3 Nf6 2. c4 b6 3. g3 Bb7 4. Bg2 c5 5. O-O g6 6. d4 cxd4 7. Qxd4 Bg7 8. Nc3
O-O 9. Qh4 Re8 10. Bh6 Bh8 11. e4 d6 12. Ng5 Nbd7 13. b3 a6 14. Rac1 e6 15. Rfd1
Qc7 16. Nf3 Rac8 17. Bf4 Ne5 18. Nxe5 dxe5 19. Bg5 Qe7 20. Rd3 Qa3 21. Rcd1 Nh5
22. g4 Nf4 23. Bxf4 exf4 24. Rh3 Bg7 25. Qxh7+ Kf8 26. Rhd3 Bc6 27. Ne2 g5 28.
Nd4 Ba8 29. Nf3 Qe7 30. Qh5 Bxe4 31. Rd7 Qf6 32. Nxg5 Bg6 33. Qh4 Kg8 34. Nf3
Qb2 35. R7d2 Qf6 36. g5 Qe7 37. Qxf4 Rcd8 38. Ne5 Rxd2 39. Rxd2 Bxe5 40. Qxe5
Rd8 41. Rxd8+ Qxd8 42. h4 Qd1+ 43. Kh2 Qg4 44. Qg3 Qd4 45. Bf3 e5 46. Kg2 Kh7
47. Qg4 Qd3 48. Bd5 a5 49. h5 Bf5 50. Qf3 Qb1 51. Bxf7 Be4 52. Bg6+ Bxg6 53. hxg6+
Qd1 54. Qxd1+ 1-0

[Event "Druzynowe Mistrzostwa Polski II Liga"]
[Site "Szklarska Poreba"]
[Date "1899-12-30"]
[Round "5.74"]
[White "Lisowski, Krzysztof"]
[Black "Smolka, Marcin"]
[Result "1/2-1/2"]
[WhiteTitle "k"]
[BlackTitle "k"]
[WhiteElo "2043"]
[BlackElo "2153"]

1. c4 c5 2. Nc3 Nc6 3. g3 g6 4. Bg2 Bg7 5. Nf3 e5 6. O-O Nge7 7. d3 O-O 8. Rb1
d6 9. a3 a5 10. Ne1 Be6 11. Nd5 Rb8 12. Bg5 f6 13. Bd2 b5 14. b3 Kh8 15. Nc2 b4
16. axb4 axb4 17. Ra1 Bxd5 18. cxd5 Na5 19. Ne3 Qc7 20. Nc4 Ra8 21. Qc2 f5 22.
Nxa5 Rxa5 23. Bxb4 Rxa1 24. Rxa1 e4 25. Ba5 Qb7 26. Rd1 e3 27. fxe3 f4 28. gxf4
Nf5 29. Bd2 Qe7 30. Qc1 Qh4 31. Rf1 g5 32. Bc3 Bxc3 33. Qxc3+ Kg8 34. Qc1 Re8
35. Be4 Rxe4 36. dxe4 Qg4+ 37. Kf2 Qh4+ 38. Kg2 Qg4+ 39. Kf2 Qh4+ 40. Kg1 Qg4+
1/2-1/2

[Event "Druzynowe Mistrzostwa Polski II Liga"]
[Site "Szklarska Poreba"]
[Date "1899-12-30"]
[Round "5.75"]
[White "Bielczyk, Jacek"]
[Black "Migala, Andrzej"]
[Result "0-1"]
[WhiteTitle "IM"]
[BlackTitle "I++"]
[WhiteElo "2291"]
[BlackElo "2021"]

1. e4 c5 2. Nf3 d6 3. d4 cxd4 4. Nxd4 Nf6 5. Nc3 a6 6. f4 e5 7. Nf3 Qc7 8. a4 Be7
9. Bd3 Nbd7 10. O-O O-O 11. Kh1 exf4 12. Bxf4 Ne5 13. Nd4 Be6 14. Qe2 Rac8 15.
h3 Rfe8 16. Rab1 g6 17. Bh2 Nfd7 18. Bg1 Bf8 19. Be3 Bg7 20. Qf2 Nc5 21. Rbd1
Qa5 22. Nde2 Qb4 23. Bd4 Nxa4 24. Nd5 Bxd5 25. exd5 Re7 26. b3 Nc5 27. Bc4 Qa5
28. Nf4 Qc7 29. Rde1 Ncd7 30. Qh4 Rce8 31. Ne6 fxe6 32. dxe6 Nb6 33. Bxb6 Qxb6
34. Rf7 Qc7 35. Bd5 Kh8 36. Kh2 b5 37. c4 bxc4 38. bxc4 a5 39. Rb1 Qd8 40. Rxe7
Rxe7 41. Rb7 Re8 42. e7 Qc8 43. c5 Nc6 44. Rb1 Nxe7 45. Bf7 Nf5 46. Qc4 Be5+ 47.
Kh1 Re7 48. c6 Rc7 49. Ra1 0-1

[Event "Druzynowe Mistrzostwa Polski II Liga"]
[Site "Szklarska Poreba"]
[Date "1899-12-30"]
[Round "5.76"]
[White "Jedra, Waldemar"]
[Black "Musial, Tomasz"]
[Result "1-0"]
[WhiteTitle "I"]
[BlackTitle "I++"]
[WhiteElo "2020"]
[BlackElo "1985"]

1. c4 g6 2. Nc3 Bg7 3. g3 d6 4. Bg2 e5 5. d3 Nc6 6. e3 f5 7. Nge2 Nf6 8. O-O O-O
9. Nd5 Be6 10. Bd2 a5 11. Nec3 Qd7 12. f4 exf4 13. gxf4 Nb4 14. Qb1 Nfxd5 15.
cxd5 Bf7 16. a3 Bxc3 17. bxc3 Nxd5 18. c4 Nb6 19. Qe1 d5 20. c5 Na4 21. Bxa5 Nxc5
22. Bc3 Rfe8 23. Qh4 Qe7 24. Qxe7 Rxe7 25. Bb4 Rxe3 26. Bxc5 Rxd3 27. Rad1 Rxd1
28. Rxd1 Rd8 29. Bd4 Rd7 30. Rc1 Be8 31. Be5 c6 32. Bd4 Kf7 33. Kf2 Ke7 34. Re1+
Kf8 35. Bc5+ Kf7 36. Ke3 b6 37. Bxb6 Re7+ 38. Kd2 Rb7 39. Rb1 Ke6 40. a4 Kd7 41.
a5 Kc8 42. Re1 Bf7 43. Rc1 Kd7 44. Kd3 Rb8 45. Kd4 Re8 46. Bf3 Re6 47. Bc5 Kc7
48. Rb1 Re8 49. a6 Bg8 50. Rb7+ Kc8 51. Bd6 Re1 52. Rb8+ Kd7 53. a7 1-0

[Event "Druzynowe Mistrzostwa Polski II Liga"]
[Site "Szklarska Poreba"]
[Date "1899-12-30"]
[Round "5.77"]
[White "Kmak, Wieslaw"]
[Black "Kupryjaniuk, Tomasz"]
[Result "1-0"]
[WhiteTitle "I"]
[BlackTitle "I"]
[WhiteElo "1867"]
[BlackElo "1844"]

1. d4 Nf6 2. Nf3 b6 3. e3 Bb7 4. Bd3 d5 5. Nbd2 g6 6. O-O Bg7 7. Ne5 O-O 8. f4
e6 9. Qf3 Nc6 10. b3 Nd7 11. Ba3 Ncxe5 12. fxe5 c5 13. Qh3 Rc8 14. Rf4 f5 15.
Raf1 g5 16. R4f2 g4 17. Qg3 h5 18. h3 Bh6 19. Bxf5 exf5 20. Rxf5 Rxf5 21. Rxf5
cxd4 22. exd4 Rc6 23. Rxh5 Rg6 24. hxg4 Nf8 25. Nf3 Bc8 26. g5 Ne6 27. Rxh6 Rxh6
28. gxh6+ Kh7 29. Nh4 Qe8 30. Nf5 Qh5 31. Qf3 Qxf3 32. gxf3 Ng5 33. Nh4 Kxh6 34.
Bc1 Kh5 35. Bxg5 Kxg5 36. Ng2 Bf5 37. c3 Bb1 38. a3 Ba2 39. b4 Kf5 40. Kf2 Bb1
41. Ke3 Ba2 42. f4 Bb1 43. Nh4+ Ke6 44. f5+ Ke7 45. Kf4 Bd3 46. Kg5 a5 47. Ng6+
Kf7 48. e6+ Ke8 1-0